Finančné hospodárenie zariadení sociálnych služieb v regiónoch Slovenska
Charakteristika a porovnanie príjmov a výdavkov zariadení sociálnych služieb na implementáciu sociálnej ochrany a opatrení sociálnej ochrany v niektorých ich štruktúrach a podľa regiónov SR. Zistené značné rozdiely v hospodárení v rôznych kategóriách a štruktúrach týchto zariadení nezávisle od regió...
Salvato in:
| Autore principale: | |
|---|---|
| Natura: | Capitolo di libro |
| Lingua: | slovacco |
| Soggetti: | |
| Tags: |
Nessun Tag, puoi essere il primo ad aggiungerne!!
|
MARC
| LEADER | 00000nla a2200000 4500 | ||
|---|---|---|---|
| 001 | 0241422 | ||
| 005 | 20240502083647.9 | ||
| 041 | 0 | |a slo | |
| 044 | |a CZ | ||
| 245 | 1 | 0 | |a Finančné hospodárenie zariadení sociálnych služieb v regiónoch Slovenska |c Ľubica Sipková |
| 520 | |a Charakteristika a porovnanie príjmov a výdavkov zariadení sociálnych služieb na implementáciu sociálnej ochrany a opatrení sociálnej ochrany v niektorých ich štruktúrach a podľa regiónov SR. Zistené značné rozdiely v hospodárení v rôznych kategóriách a štruktúrach týchto zariadení nezávisle od regiónu. | ||
| 610 | 2 | 0 | |a služby sociálne |
| 610 | 2 | 0 | |a služby starostlivosti sociálnej |
| 610 | 2 | 0 | |a zariadenia starostlivosti sociálnej |
| 610 | 2 | 0 | |a situácia hospodárska |
| 610 | 2 | 0 | |a príjmy |
| 610 | 2 | 0 | |a výdavky |
| 610 | 2 | 0 | |a financie |
| 610 | 2 | 0 | |a metódy štatistické |
| 610 | 2 | 0 | |a regióny |
| 100 | 1 | |a Sipková, Ľubica, 1962- | |